Occupancy Enhancement of Residential Block at MCE Staging Post Abbottabad Using LGS Techniques (Record no. 554396)

000 -LEADER
fixed length control field 00594nam a22001937a 4500
082 ## - DEWEY DECIMAL CLASSIFICATION NUMBER
Classification number P-845
100 ## - MAIN ENTRY--PERSONAL NAME
Personal name Asghar, Saad
9 (RLIN) 51893
245 ## - TITLE STATEMENT
Title Occupancy Enhancement of Residential Block at MCE Staging Post Abbottabad Using LGS Techniques
260 ## - PUBLICATION, DISTRIBUTION, ETC.
Place of publication, distribution, etc. Risalpur,
Name of publisher, distributor, etc. MCE,
Date of publication, distribution, etc. 2020.
300 ## - PHYSICAL DESCRIPTION
Extent 69 pages.;
526 ## - STUDY PROGRAM INFORMATION NOTE
Program name 0
Interest level 0
Reading level 0
650 ## - SUBJECT ADDED ENTRY--TOPICAL TERM
Topical term or geographic name entry element Transportation
Topical term following geographic name entry element Syn-8
9 (RLIN) 51894
700 ## - ADDED ENTRY--PERSONAL NAME
Personal name Amin Ullah
9 (RLIN) 51895
700 ## - ADDED ENTRY--PERSONAL NAME
Personal name Shehryar Malik
9 (RLIN) 51896
700 ## - ADDED ENTRY--PERSONAL NAME
Personal name Supervisor Dr Adeel Zafar
9 (RLIN) 36003
700 ## - ADDED ENTRY--PERSONAL NAME
Personal name Syed Ali Hasan Gillani
9 (RLIN) 51897
700 ## - ADDED ENTRY--PERSONAL NAME
Personal name Syed Turab Abbas
9 (RLIN) 51898
942 ## - ADDED ENTRY ELEMENTS (KOHA)
Source of classification or shelving scheme
Koha item type Book
Holdings
Withdrawn status Lost status Source of classification or shelving scheme Damaged status Not for loan Permanent Location Current Location Date acquired Total Checkouts Full call number Barcode Date last seen Price effective from Koha item type
          Military College of Engineering (MCE) Military College of Engineering (MCE) 08/26/2020   P-845 MCE-P-845 03/14/2021 03/14/2021 Book
© 2023 Central Library, National University of Sciences and Technology. All Rights Reserved.